00750nam a22001817a 4500008004100000020001800041040005500059080001900114245013000133260006700263300001400330650001900344653001400363700002500377942001200402999001700414952013700431230328b |||||||| |||| 00| 0 eng d a0-07-062091-1 aNational Science LibrarycNational Science Library aD 681.324 bP6 aNational conference on broadband communication systems September 1-3, 2006c/Vishwakarma Institute of Information Technology  aNew Delhi: bTata McGraw-Hill Publihing Company Limited,c2007 axx, 348p. aCommunication  aBroadband aKhurjekar, M J (Ed.) 2udccPR c16074d16074 0010406D_681324_P670923848aNSLbNSLcGF/Rk-4/C-14/R-1d2006-11-06l0oD 681.324 P6p226738r2023-03-28 00:00:00w2023-03-28yPR